Bulgaria : 2012 Article IV Consultation--Staff Report; Public Information; and Statement by the Executive Director for Bulgaria.

Bulgaria did not have any exchange rate crisis, international bailout, bank intervention, or build-up of public debt. This attests to the strength of the policy framework and policy implementation. The fiscal adjustment achieved so far should be preserved, but improving the composition of the budget...

Fuld beskrivelse

Bibliografiske detaljer
Institution som forfatter: International Monetary Fund. European Dept
Format: Tidsskrift
Sprog:English
Udgivet: Washington, D.C. : International Monetary Fund, 2012.
Serier:IMF Staff Country Reports; Country Report ; No. 2012/328
Online adgang:Full text available on IMF
LEADER 01620cas a2200241 a 4500
001 AALejournalIMF013231
008 230101c9999 xx r poo 0 0eng d
020 |c 5.00 USD 
020 |z 9781475544985 
022 |a 1934-7685 
040 |a BD-DhAAL  |c BD-DhAAL 
110 2 |a International Monetary Fund.  |b European Dept. 
245 1 0 |a Bulgaria :   |b 2012 Article IV Consultation--Staff Report; Public Information; and Statement by the Executive Director for Bulgaria. 
264 1 |a Washington, D.C. :  |b International Monetary Fund,  |c 2012. 
300 |a 1 online resource (82 pages) 
490 1 |a IMF Staff Country Reports 
500 |a <strong>Off-Campus Access:</strong> No User ID or Password Required 
500 |a <strong>On-Campus Access:</strong> No User ID or Password Required 
506 |a Electronic access restricted to authorized BRAC University faculty, staff and students 
520 3 |a Bulgaria did not have any exchange rate crisis, international bailout, bank intervention, or build-up of public debt. This attests to the strength of the policy framework and policy implementation. The fiscal adjustment achieved so far should be preserved, but improving the composition of the budget would support growth. The financial system is stable with high buffers, but the low growth environment poses challenges. Executive Directors suggest the need for some structural reforms. 
538 |a Mode of access: Internet 
830 0 |a IMF Staff Country Reports; Country Report ;  |v No. 2012/328 
856 4 0 |z Full text available on IMF  |u http://elibrary.imf.org/view/journals/002/2012/328/002.2012.issue-328-en.xml  |z IMF e-Library